000 00542nam a2200181Ia 4500
999 _c23112
_d23112
003 OSt
005 20201019134020.0
008 190216s9999||||xx |||||||||||||| ||und||
020 _a9789839154641
040 _coclc
082 _a297.2
_bALG/D
100 _aAl - Ghazali
_92196
245 0 _aDeliverance From Error And The Begining Of Guidance /
_cAl Ghazali
260 _bIslamic Book Trust ,
_c2012.
_aKuala Lumpur:
300 _a192p
650 _aIslamic History
942 _cBK
_2ddc
_h297.2
_iALG/D
_k297.2
_mALG/D